Normal view
MARC view
Entry Personal Name
001 - CONTROL NUMBER
- control field: 75541
003 - CONTROL NUMBER IDENTIFIER
- control field: dpl
005 - DATE AND TIME OF LATEST TRANSACTION
- control field: 20241220170154.0
008 - FIXED-LENGTH DATA ELEMENTS
- fixed length control field: 241220|| aca||aabn | a|a d
040 ## - CATALOGING SOURCE
- Original cataloging agency: dpl
- Transcribing agency: dpl
100 ## - HEADING--PERSONAL NAME
- Personal name: Darpan, Pratiyogita
670 ## - SOURCE DATA FOUND
- Source citation: Work cat.: (dpl)207888: Darpan, Pratiyogita, State Level National Means-Cum- Merit Scholarship Exam/, 2024
